[Event "Nationale I"]
[Site "Clichy"]
[Date "2011.12.11"]
[Round "5.6"]
[White "Egreteau, Eric"]
[Black "Wittmann, Marc"]
[Result "0-1"]
[WhiteElo "2100"]
[BlackElo "2223"]
[PlyCount "90"]
[EventDate "2011.12.11"]
[EventType "team-match"]
[EventCountry "FRA"]
[SourceDate "2011.11.20"]
[WhiteTeam "La Membrolle Choisille"]
[BlackTeam "Issy Moulineaux"]

1. e4 e5 2. Nf3 Nc6 3. Bc4 Bc5 4. c3 Nf6 5. b4 Bb6 6. d3 d6 7. a4 a6 8. O-O Ne7
9. Bb3 Ng6 10. h3 O-O 11. Re1 Qe7 12. Na3 Kh8 13. Nc4 Ba7 14. a5 Nh5 15. Bg5 f6
16. Be3 Nhf4 17. Bxa7 Rxa7 18. Ne3 f5 19. Nd5 Nxd5 20. Bxd5 Nf4 21. Bc4 fxe4
22. dxe4 Qf6 23. Bf1 Nxh3+ 24. gxh3 Qxf3 25. Qxf3 Rxf3 26. Re3 Rxe3 27. fxe3
Be6 28. c4 Kg8 29. c5 dxc5 30. bxc5 Kf7 31. Rc1 Ke7 32. Kg2 Bd7 33. Bc4 Bb5 34.
Bd5 c6 35. Bb3 Ra8 36. Rd1 Rd8 37. Rxd8 Kxd8 38. Bg8 h6 39. Be6 Be2 40. Kf2 Bd1
41. Kg3 g5 42. h4 Be2 43. hxg5 hxg5 44. Bg4 Bxg4 45. Kxg4 b5 0-1

[Event "Nationale I"]
[Site "Clichy"]
[Date "2011.12.11"]
[Round "5.7"]
[White "Demarre, Jacques"]
[Black "De Lussac, Maxence"]
[Result "1/2-1/2"]
[WhiteElo "2204"]
[BlackElo "1861"]
[PlyCount "53"]
[EventDate "2011.12.11"]
[EventType "team-match"]
[EventCountry "FRA"]
[SourceDate "2011.11.20"]
[WhiteTeam "Issy Moulineaux"]
[BlackTeam "La Membrolle Choisille"]

1. d4 Nf6 2. Nf3 g6 3. c4 Bg7 4. g3 O-O 5. Bg2 c6 6. O-O d5 7. Nbd2 Re8 8. b3
Nbd7 9. Bb2 e5 10. Nxe5 Nxe5 11. dxe5 Ng4 12. cxd5 cxd5 13. Nf3 Nxe5 14. Nxe5
Bxe5 15. Bxe5 Rxe5 16. e3 Bf5 17. Qd4 Qe7 18. Rfe1 Be4 19. f3 Bf5 20. g4 Bd7
21. f4 Re6 22. Bxd5 Rd6 23. Qb4 Bxg4 24. Qxb7 Qxb7 25. Bxb7 Rad8 26. h3 Bxh3
27. Bf3 1/2-1/2

[Event "Nationale I"]
[Site "Clichy"]
[Date "2011.12.11"]
[Round "5.8"]
[White "Gennesseaux, Gabrielle"]
[Black "Esposito, Marie Christine"]
[Result "0-1"]
[WhiteElo "1693"]
[BlackElo "2100"]
[PlyCount "80"]
[EventDate "2011.12.11"]
[EventType "team-match"]
[EventCountry "FRA"]
[SourceDate "2011.11.20"]
[WhiteTeam "La Membrolle Choisille"]
[BlackTeam "Issy Moulineaux"]

1. e4 d6 2. d4 Nf6 3. Nc3 Nbd7 4. f4 e5 5. Nf3 exd4 6. Qxd4 c6 7. Be3 d5 8. Be2
c5 9. Qd3 d4 10. Nxd4 cxd4 11. Bxd4 Nc5 12. Qe3 b6 13. Rd1 Nfd7 14. Bb5 Ne6 15.
Be5 f6 16. Bc6 fxe5 17. Bxa8 Nxf4 18. Qd2 Bc5 19. Bc6 Bd4 20. Nb5 O-O 21. Nxd4
exd4 22. g3 Ne5 23. Rf1 Nc4 24. Qxd4 Ng2+ 25. Ke2 Bg4+ 26. Kd3 Nxb2+ 27. Kc3
Nxd1+ 28. Rxd1 Bxd1 29. Bd5+ Kh8 30. Qxd1 Ne3 31. Qd4 Qc7+ 32. Kb2 Qxc2+ 33.
Ka3 Qc1+ 34. Kb3 Qd1+ 35. Qxd1 Nxd1 36. Kc4 Ne3+ 37. Kd4 Nxd5 38. exd5 Kg8 39.
Ke5 Kf7 40. d6 Ke8 0-1

[Event "Nationale I"]
[Site "Clichy"]
[Date "2011.12.11"]
[Round "5.1"]
[White "Lagarde, Maxime"]
[Black "Salaun, Yann"]
[Result "1-0"]
[WhiteElo "2478"]
[BlackElo "2323"]
[PlyCount "75"]
[EventDate "2011.12.11"]
[EventType "team-match"]
[EventCountry "FRA"]
[SourceDate "2011.11.20"]
[WhiteTeam "Clichy"]
[BlackTeam "Tours"]

1. e4 g6 2. d4 Bg7 3. c4 d6 4. Nc3 Nd7 5. Nge2 a6 6. Ng3 h5 7. h4 c5 8. d5
Bxc3+ 9. bxc3 Qa5 10. Be2 Ne5 11. O-O Nf6 12. f4 Neg4 13. Qe1 Qc7 14. e5 dxe5
15. fxe5 Nxe5 16. Bf4 Bg4 17. Rd1 Bxe2 18. Qxe2 Nfg4 19. Ne4 Rd8 20. d6 exd6
21. Nxd6+ Rxd6 22. Bxe5 Qe7 23. Rxd6 Nxe5 24. Rd5 f6 25. Qf2 O-O 26. Qxc5 Qe6
27. Qd6 Qxd6 28. Rxd6 Rc8 29. Rdxf6 Rxc4 30. Re1 Kg7 31. Rb6 Rc5 32. Rxb7+ Kf6
33. Rb6+ Kf5 34. Rxa6 Ng4 35. Rf1+ Ke4 36. Re6+ Kd3 37. Rxg6 Ne3 38. Rf3 1-0

[Event "Nationale I"]
[Site "Clichy"]
[Date "2011.12.11"]
[Round "5.2"]
[White "Heurtebize, Olivier"]
[Black "Beudaert, Xavier"]
[Result "1/2-1/2"]
[WhiteElo "2278"]
[BlackElo "2328"]
[PlyCount "29"]
[EventDate "2011.12.11"]
[EventType "team-match"]
[EventCountry "FRA"]
[SourceDate "2011.11.20"]
[WhiteTeam "Tours"]
[BlackTeam "Clichy"]

1. d4 d5 2. Nf3 Nf6 3. c4 e6 4. g3 Be7 5. Bg2 O-O 6. Nbd2 b6 7. O-O Bb7 8. b3
Nbd7 9. Bb2 Rc8 10. Rc1 c5 11. e3 Rc7 12. Qe2 Qa8 13. dxc5 bxc5 14. Ne5 Bd6 15.
Nxd7 1/2-1/2

[Event "Nationale I"]
[Site "Clichy"]
[Date "2011.12.11"]
[Round "5.3"]
[White "Sorbe, Stephane"]
[Black "Dieu, Bruno"]
[Result "0-1"]
[WhiteElo "2368"]
[BlackElo "2285"]
[PlyCount "80"]
[EventDate "2011.12.11"]
[EventType "team-match"]
[EventCountry "FRA"]
[SourceDate "2011.11.20"]
[WhiteTeam "Clichy"]
[BlackTeam "Tours"]

1. e4 e6 2. d4 d5 3. Nd2 Be7 4. Bd3 c5 5. dxc5 Nf6 6. Qe2 Nc6 7. Ngf3 O-O 8.
O-O a5 9. a4 Bxc5 10. e5 Nd7 11. Nb3 Be7 12. Re1 h6 13. Bd2 Nc5 14. Nxc5 Bxc5
15. c4 Nb4 16. Bb1 Bd7 17. Ra3 f5 $11 18. Be3 Rc8 19. cxd5 Nxd5 20. Bxc5 Rxc5
21. Nd4 Qc7 22. Qd2 Rc8 23. Nb3 Rc4 24. Bxf5 Nf4 25. Be4 Rf8 26. Nxa5 Rd4 27.
Qe3 Qxa5 28. Bxb7 Rxa4 29. Rxa4 Qxa4 30. Bf3 Bc6 31. Bxc6 Qxc6 32. Qe4 Qxe4 33.
Rxe4 Nd3 34. g3 Nxf2 35. Rd4 Nh3+ 36. Kg2 Ng5 37. Rd6 Rb8 38. Rd2 Rb5 39. Re2
Nf7 40. Kf2 Nxe5 0-1

[Event "Nationale I"]
[Site "Clichy"]
[Date "2011.12.11"]
[Round "5.4"]
[White "Gaborit, Jean Pierre"]
[Black "Mullon, Jean Baptiste"]
[Result "1/2-1/2"]
[WhiteElo "2219"]
[BlackElo "2398"]
[PlyCount "83"]
[EventDate "2011.12.11"]
[EventType "team-match"]
[EventCountry "FRA"]
[SourceDate "2011.11.20"]
[WhiteTeam "Tours"]
[BlackTeam "Clichy"]

1. d4 d5 2. Bg5 f6 3. Bh4 Nh6 4. f3 c5 5. c3 cxd4 6. cxd4 Qb6 7. Nc3 Nf5 8. Bf2
e5 9. Nxd5 Qa5+ 10. Qd2 Qxd5 11. e4 Qd8 12. exf5 Bxf5 13. Bb5+ Bd7 14. Bc4 Nc6
15. Ne2 Bb4 16. Nc3 exd4 17. Bxd4 Nxd4 18. Qxd4 Bc6 19. O-O-O Qxd4 20. Rxd4 Bc5
21. Rd3 Rc8 22. Re1+ Kf8 23. Bd5 Re8 24. Rxe8+ Kxe8 25. Bxc6+ bxc6 26. Ne4 Bb6
27. Rd6 Ke7 28. Rxc6 Kd7 29. Rc4 Ke6 30. Nc3 h5 31. b4 Rh6 32. h3 Rg6 33. Re4+
Kd6 34. Re2 f5 35. Kc2 f4 36. Kd3 Be3 37. Rc2 Ke5 38. Ne4 Ra6 39. Kc4 Ra3 40.
Nc3 Ra6 41. Ne4 Ra3 42. Nc5 1/2-1/2

[Event "Nationale I"]
[Site "Clichy"]
[Date "2011.12.11"]
[Round "5.5"]
[White "Pujos, Stephane"]
[Black "Giacomini, Hector"]
[Result "0-1"]
[WhiteElo "2333"]
[BlackElo "2280"]
[PlyCount "68"]
[EventDate "2011.12.11"]
[EventType "team-match"]
[EventCountry "FRA"]
[SourceDate "2011.11.20"]
[WhiteTeam "Clichy"]
[BlackTeam "Tours"]

1. Nf3 d5 2. c4 e6 3. b3 c5 4. e3 Nc6 5. Bb2 d4 6. exd4 cxd4 7. Bd3 Nf6 8. O-O
Bd6 9. Re1 O-O 10. Na3 Re8 11. Nc2 e5 12. Ng5 a5 13. Qb1 Bg4 14. Na3 h6 15. Ne4
Nxe4 16. Bxe4 Qg5 17. Nb5 Rad8 18. Nxd6 Rxd6 19. Ba3 Rdd8 20. Qd3 f5 21. Bd5+
Kh8 22. Bf7 e4 23. Qf1 Ne5 24. f4 exf3 25. Bxe8 Rxe8 26. Qf2 fxg2 27. Kxg2 Bf3+
28. Kf1 Be4 29. Qg3 Bd3+ 30. Qxd3 Nxd3 31. Rxe8+ Kh7 32. Re2 Qf4+ 33. Kg1 Qf3
34. Rg2 Nf4 0-1

[Event "Nationale I"]
[Site "Clichy"]
[Date "2011.12.11"]
[Round "5.6"]
[White "Devallee, Jeremie"]
[Black "Coste, Thierry"]
[Result "1-0"]
[WhiteElo "2125"]
[BlackElo "2160"]
[PlyCount "83"]
[EventDate "2011.12.11"]
[EventType "team-match"]
[EventCountry "FRA"]
[SourceDate "2011.11.20"]
[WhiteTeam "Tours"]
[BlackTeam "Clichy"]

1. e4 Nc6 2. Nf3 f5 3. e5 d6 4. Bb5 dxe5 5. Bxc6+ bxc6 6. Nxe5 Qd5 7. Nf3 Ba6
8. d3 Nf6 9. O-O g6 10. Re1 Bg7 11. Qe2 Qd6 12. Bf4 Qd8 13. Qe6 Qd7 14. Ng5 Rf8
15. Nc3 Bc8 16. Qe2 h6 17. Nf3 Nh5 18. Be5 Rf7 19. Na4 e6 20. b4 Qe7 21. Nc5 a5
22. a3 Rb8 23. c3 Rb5 24. Rab1 Kf8 25. d4 g5 26. c4 Rb8 27. bxa5 Ra8 28. Bxg7+
Kxg7 29. Ne5 Nf4 30. Qe3 Rf8 31. Nxc6 Qf7 32. Rb4 Kh7 33. Qf3 Ba6 34. d5 Rfe8
35. Ne5 Qg7 36. Nxe6 Rxe6 37. dxe6 Re8 38. g3 Nh3+ 39. Kg2 Qf6 40. Nd7 Qg6 41.
e7 Bc8 42. Nf8+ 1-0

[Event "Nationale I"]
[Site "Clichy"]
[Date "2011.12.11"]
[Round "5.7"]
[White "Daurelle, Herve"]
[Black "Hubert, Raphael"]
[Result "1-0"]
[WhiteElo "2145"]
[BlackElo "2049"]
[PlyCount "103"]
[EventDate "2011.12.11"]
[EventType "team-match"]
[EventCountry "FRA"]
[SourceDate "2011.11.20"]
[WhiteTeam "Clichy"]
[BlackTeam "Tours"]

1. e4 c5 2. Nf3 e6 3. d4 cxd4 4. Nxd4 Nf6 5. Nc3 Qb6 6. Nb3 Bb4 7. Bd3 d5 8.
exd5 Nxd5 9. Bd2 Nxc3 10. bxc3 Bd6 11. O-O Nd7 12. Re1 Qc7 13. Qh5 Nf6 14. Bb5+
Bd7 15. Rxe6+ Kf8 16. Rxf6 gxf6 17. Qh6+ Ke7 18. Re1+ Be6 19. Nd4 Be5 20. f4
Bxd4+ 21. cxd4 Qd6 22. f5 Qxd4+ 23. Kh1 Rad8 24. Bd3 Rd6 25. fxe6 Rxe6 26.
Rxe6+ Kxe6 27. Qh3+ Ke7 28. Qe3+ Qxe3 29. Bxe3 b6 30. Kg1 h5 31. Kf2 Rc8 32. g3
Rc3 33. Bd2 Rc6 34. Ke3 Ke6 35. Kf4 Rd6 36. Bf5+ Kd5 37. Bb4 Rd8 38. Be7 Re8
39. Bxf6 Re2 40. h4 Rf2+ 41. Kg5 Rg2 42. Kxh5 Rxg3 43. Bd3 Rg2 44. Kh6 Ke6 45.
Bg5 f6 46. Bc1 f5 47. Bg5 Ke5 48. Kg6 f4 49. h5 f3 50. h6 f2 51. h7 Rh2 52. Bh6
1-0

[Event "Nationale I"]
[Site "Clichy"]
[Date "2012.12.11"]
[Round "5.8"]
[White "Duval, Claire"]
[Black "Bonvalot, Isabelle"]
[Result "1/2-1/2"]
[WhiteElo "1698"]
[BlackElo "1901"]
[PlyCount "100"]
[EventDate "2011.12.11"]
[EventType "team-match"]
[EventCountry "FRA"]
[SourceDate "2011.11.20"]
[WhiteTeam "Tours"]
[BlackTeam "Clichy"]

1. d4 f5 2. Nf3 Nf6 3. g3 g6 4. Bg2 Bg7 5. O-O O-O 6. c4 d6 7. Nc3 c6 8. Re1 d5
9. cxd5 cxd5 10. Ne5 Nc6 11. Nxc6 bxc6 12. Rb1 Ne4 13. Qd3 Qb6 14. Be3 Ba6 15.
Na4 Bxd3 16. Nxb6 Bxb1 17. Nxa8 Bxa2 18. Ra1 Rxa8 19. Rxa2 a6 20. b4 Nd6 21.
Bg5 Kf7 22. Bf4 Ke6 23. Bxd6 Kxd6 24. e3 Kc7 25. Bf1 Kb6 26. f4 e6 27. Kf2 Bf8
28. Ra4 Ra7 29. Bd3 a5 30. bxa5+ Rxa5 31. Rxa5 Kxa5 32. Ke2 c5 33. dxc5 Bxc5
34. Kd2 Bb4+ 35. Ke2 Kb6 36. Bc2 Kc7 37. Ba4 Kd8 38. Bb5 Ke7 39. Bc6 Kf6 40.
Kf3 h6 41. Ke2 g5 42. Kf3 h5 43. Be8 h4 44. fxg5+ Kxg5 45. gxh4+ Kxh4 46. Bd7
e5 47. Bxf5 Kg5 48. Be6 d4 49. exd4 exd4 50. Bc4 Bd6 $11 1/2-1/2

[Event "Nationale I"]
[Site "Loures Barousse"]
[Date "2011.12.10"]
[Round "4.1"]
[White "Marciniak, Alexandre"]
[Black "Prie, Eric"]
[Result "0-1"]
[WhiteElo "2209"]
[BlackElo "2490"]
[PlyCount "54"]
[EventDate "2011.12.11"]
[EventType "match"]
[EventCountry "FRA"]
[SourceDate "2011.11.20"]
[WhiteTeam "Agen"]
[BlackTeam "Echiquier Bordelais"]

1. e4 d5 2. exd5 Qxd5 3. Nc3 Qa5 4. d4 Nf6 5. Nf3 Bf5 6. Bd2 e6 7. Bc4 Bb4 8.
a3 Bxc3 9. Bxc3 Qb6 10. O-O Nc6 11. Ne5 O-O 12. Nxc6 Qxc6 13. Bb3 a5 14. a4
Rfd8 15. Re1 Be4 16. f3 Bd5 17. Bxd5 Nxd5 18. Qd3 h6 19. Bd2 Nb4 20. Bxb4 axb4
21. b3 Ra5 22. Qe4 Qb6 23. Red1 Rad5 24. a5 Qa7 25. Kh1 Rxd4 26. Rxd4 Qxd4 27.
Qxd4 Rxd4 0-1

[Event "Nationale I"]
[Site "Loures Barousse"]
[Date "2011.12.10"]
[Round "4.3"]
[White "Fantinel, Thibault"]
[Black "Guidez, Yann Michael"]
[Result "1-0"]
[WhiteElo "2300"]
[BlackElo "2263"]
[PlyCount "83"]
[EventDate "2011.12.11"]
[EventType "match"]
[EventCountry "FRA"]
[SourceDate "2011.11.20"]
[WhiteTeam "Agen"]
[BlackTeam "Echiquier Bordelais"]

1. c4 Nf6 2. Nc3 g6 3. e4 d6 4. d4 Bg7 5. Bd3 e5 6. d5 O-O 7. Nge2 Nbd7 8. O-O
Ne8 9. Be3 Ndf6 10. f3 h5 11. b4 Nh7 12. Rc1 Bf6 13. c5 Bg5 14. f4 exf4 15.
Nxf4 Qe7 16. Kh1 Nef6 17. h3 h4 18. Qd2 Qe5 19. Qf2 Bd7 20. Bd4 Qe7 21. Rce1
Bxf4 22. Qxf4 Nh5 23. Qh6 Qg5 24. Qxg5 Nxg5 25. Kh2 a5 26. b5 dxc5 27. Bxc5
Rfe8 28. e5 Ng3 29. Rf4 Nf5 30. Bxf5 Bxf5 31. Rxh4 c6 32. bxc6 bxc6 33. dxc6
Rad8 34. Rd4 Kg7 35. Rxd8 Rxd8 36. Bd6 Rc8 37. c7 Bxh3 38. Nd5 Bf5 39. Ne7 Rh8+
40. Kg1 f6 41. Nxf5+ gxf5 42. Rb1 1-0

[Event "Nationale I"]
[Site "Loures Barousse"]
[Date "2011.12.10"]
[Round "4.4"]
[White "Passager, Jean Pierre"]
[Black "Le Hetet, Nicolas"]
[Result "1-0"]
[WhiteElo "2204"]
[BlackElo "2143"]
[PlyCount "89"]
[EventDate "2011.12.11"]
[EventType "match"]
[EventCountry "FRA"]
[SourceDate "2011.11.20"]
[WhiteTeam "Echiquier Bordelais"]
[BlackTeam "Agen"]

1. d4 d5 2. c4 c6 3. cxd5 cxd5 4. Nc3 Nf6 5. Bf4 Nc6 6. e3 Bf5 7. Nf3 e6 8. Bb5
Qb6 9. Ne5 Be7 10. g4 Bg6 11. h4 a6 12. Bxc6+ bxc6 13. Qe2 h5 14. Nxg6 fxg6 15.
g5 Nd7 16. O-O O-O 17. Qc2 Kh7 18. Ne2 c5 19. Be5 Nxe5 20. dxe5 Qb4 21. f4 Rab8
22. b3 d4 23. e4 d3 24. Qxd3 Rbd8 25. Qc4 Qd2 26. Rf2 Qe3 27. Rc1 Rd2 28. Rc3
Rd1+ 29. Kg2 Qd2 30. Rc1 Rxf4 31. Nxf4 Qxc1 32. Qxc1 Rxc1 33. Nxe6 Kg8 34. Nf4
c4 35. bxc4 Bc5 36. Rb2 Rxc4 37. Rb8+ Kf7 38. Rb7+ Kg8 39. Ne6 Bd4 40. Nxd4
Rxd4 41. Kf3 Rd3+ 42. Kf4 Rh3 43. e6 Rxh4+ 44. Ke5 Kf8 45. Kd6 1-0

[Event "Nationale I"]
[Site "Loures Barousse"]
[Date "2011.12.10"]
[Round "4.5"]
[White "Marciniak, Gerard"]
[Black "Daumens, Michel"]
[Result "0-1"]
[WhiteElo "2153"]
[BlackElo "2148"]
[PlyCount "62"]
[EventDate "2011.12.11"]
[EventType "match"]
[EventCountry "FRA"]
[SourceDate "2011.11.20"]
[WhiteTeam "Agen"]
[BlackTeam "Echiquier Bordelais"]

1. d4 f5 2. e4 fxe4 3. Nc3 Nf6 4. Bg5 c6 5. f3 d5 6. fxe4 dxe4 7. Qd2 Bf5 8.
Nge2 e6 9. g3 Nbd7 10. Bg2 Bd6 11. O-O O-O 12. Kh1 h6 13. Bf4 Nb6 14. b3 Bh7
15. Nd1 Nbd5 16. Bxd6 Qxd6 17. c4 Ne7 18. Ne3 Nf5 19. c5 Qc7 20. Bh3 Nd5 21.
Nc4 Rad8 22. Rad1 Kh8 23. Nf4 Nxf4 24. Qxf4 Qxf4 25. Rxf4 g5 26. Rff1 Kg7 27.
Na5 Rf7 28. b4 Re7 29. Nb3 Ne3 30. Rfe1 Nxd1 31. Rxd1 e5 0-1

[Event "Nationale I"]
[Site "Loures Barousse"]
[Date "2011.12.10"]
[Round "4.6"]
[White "Labeyrie, Vincent"]
[Black "Grizou, Regis"]
[Result "0-1"]
[WhiteElo "2050"]
[BlackElo "2186"]
[PlyCount "52"]
[EventDate "2011.12.11"]
[EventType "match"]
[EventCountry "FRA"]
[SourceDate "2011.11.20"]
[WhiteTeam "Echiquier Bordelais"]
[BlackTeam "Agen"]

1. d4 d5 2. Nf3 e6 3. g3 Nf6 4. Bg2 Nbd7 5. O-O c5 6. c4 dxc4 7. Nc3 a6 8. e4
cxd4 9. Qxd4 Bc5 10. Qxc4 b5 11. Qe2 b4 12. Na4 Be7 13. e5 Nd5 14. Nd4 Bb7 15.
Nxe6 fxe6 16. Qg4 Qa5 17. Qxe6 Nc7 18. Qg4 Bxg2 19. Kxg2 Qxa4 20. e6 Qc6+ 21.
Kg1 Qxe6 22. Qxg7 O-O-O 23. Bf4 Bf6 24. Rac1 Bxg7 25. Rxc7+ Kb8 26. Rxd7+ Be5
0-1

[Event "Nationale I"]
[Site "Loures Barousse"]
[Date "2011.12.10"]
[Round "4.7"]
[White "Zaninetti, Laurent"]
[Black "Biaux, Alain"]
[Result "1-0"]
[WhiteElo "1990"]
[BlackElo "1927"]
[PlyCount "107"]
[EventDate "2011.12.11"]
[EventType "match"]
[EventCountry "FRA"]
[SourceDate "2011.11.20"]
[WhiteTeam "Agen"]
[BlackTeam "Echiquier Bordelais"]

1. d4 d6 2. Nf3 Bg4 3. c4 Bxf3 4. exf3 c6 5. g3 e6 6. Bg2 d5 7. b3 Bb4+ 8. Bd2
Bxd2+ 9. Qxd2 Nf6 10. O-O O-O 11. Nc3 Nbd7 12. Rab1 Re8 13. f4 g6 14. Rfc1 Nb6
15. c5 Nc8 16. b4 a6 17. a4 Ne7 18. Rb3 Qd7 19. Rcb1 Ra7 20. Qe1 Nf5 21. Qd1
Qd8 22. Qd3 Ne4 23. Rd1 Nxc3 24. Qxc3 Qf6 25. Rb2 Rb8 26. Bh3 Qd8 27. Bxf5 gxf5
28. b5 axb5 29. axb5 Rc8 30. bxc6 bxc6 31. Rdb1 Ra4 32. Rb6 Qf6 33. R1b4 Rxb4
34. Qxb4 h5 35. h4 Kg7 36. Ra6 Qd8 37. Qe1 Qf6 38. Qe3 Rb8 39. Qd2 Rc8 40. Qb4
Qd8 41. Qa4 Kg6 42. Kg2 Kg7 43. Rxc6 Qe8 44. Ra6 Qxa4 45. Rxa4 Kf8 46. Ra7 Ke8
47. Kf3 Rb8 48. Ke3 Rb3+ 49. Kd2 Rb2+ 50. Kc3 Rxf2 51. c6 Kd8 52. Rxf7 Rf1 53.
Kb4 Rc1 54. Kb5 1-0

[Event "Nationale I"]
[Site "Loures Barousse"]
[Date "2011.12.10"]
[Round "4.8"]
[White "Boutant, Jade"]
[Black "Mamah, Isabelle"]
[Result "0-1"]
[WhiteElo "1785"]
[BlackElo "1849"]
[PlyCount "164"]
[EventDate "2011.12.11"]
[EventType "match"]
[EventCountry "FRA"]
[SourceDate "2011.11.20"]
[WhiteTeam "Echiquier Bordelais"]
[BlackTeam "Agen"]

1. c4 e5 2. g3 Nf6 3. Bg2 c6 4. Nf3 e4 5. Nd4 Bc5 6. e3 O-O 7. O-O d5 8. cxd5
cxd5 9. Nb3 Bb6 10. Nc3 Nc6 11. f3 Re8 12. d3 exf3 13. Qxf3 Bg4 14. Qf4 Be6 15.
d4 Rc8 16. a3 Ne7 17. Bd2 Ng6 18. Qf2 a6 19. Qe2 Qd6 20. Qd3 Ba7 21. Rac1 Bd7
22. Qb1 b6 23. Qd3 b5 24. Qb1 Be6 25. Qd3 Nd7 26. Na5 Nf6 27. Nb3 Qd7 28. Na5
Ne7 29. Ne2 Bf5 30. Qb3 Be4 31. Nf4 Bxg2 32. Kxg2 Ne4 33. Bb4 Bb6 34. Qd3 Nc6
35. Nxc6 Rxc6 36. Rxc6 Qxc6 37. Re1 Bc7 38. Ne2 Qf6 39. Rf1 Qh6 40. Nf4 Qc6 41.
Qb3 Nf6 42. h3 Bxf4 43. Rxf4 Qc1 44. Rf3 Qc8 45. Bc5 Qc6 46. Qd3 Ne4 47. g4 g6
48. b4 Ng5 49. Rg3 Qf6 50. Qf1 Qe6 51. Qd3 Kg7 52. Kh2 Qd7 53. Kg2 Qc7 54. h4
Ne4 55. Rf3 Qd7 56. Rf4 Nf6 57. Qe2 Qc7 58. Qf3 Ne4 59. g5 Qd7 60. Qe2 Qe6 61.
Qd3 f6 62. gxf6+ Nxf6 63. Qf1 Nh5 64. Rf3 Qg4+ 65. Kf2 Qxh4+ 66. Kg2 Qg4+ 67.
Kh2 Qh4+ 68. Kg2 Nf6 69. Bd6 Qg4+ 70. Kh1 Nh5 71. Rf7+ Kh6 72. Rxh7+ Kg5 73.
Rf7 Rxe3 74. Qc1 Qh3+ 75. Kg1 Kh4 76. Rf2 Qg4+ 77. Rg2 Qxd4 78. Be7+ Rxe7+ 79.
Kh1 Qe4 80. Qg5+ Kh3 81. Qxg6 Qe1+ 82. Rg1 Ng3+ 0-1

[Event "Nationale I"]
[Site "Loures Barousse"]
[Date "2011.12.10"]
[Round "4.1"]
[White "Pinter, Jozsef"]
[Black "Inkiov, Ventzislav"]
[Result "0-1"]
[WhiteElo "2549"]
[BlackElo "2456"]
[PlyCount "74"]
[EventDate "2011.12.11"]
[EventType "match"]
[EventCountry "FRA"]
[SourceDate "2011.11.20"]
[WhiteTeam "Loures barousses"]
[BlackTeam "Migné Auxences"]

1. c4 e6 2. Nf3 Nf6 3. g3 d5 4. Bg2 dxc4 5. Qa4+ Nbd7 6. Qxc4 c5 7. d3 a6 8.
Qb3 Ra7 9. Nbd2 b6 10. a4 Bb7 11. Nc4 Be7 12. O-O O-O 13. e4 Bc6 14. Bf4 Ra8
15. Bd2 Rb8 16. Qc2 b5 17. axb5 axb5 18. Na5 Ba8 19. b3 Ng4 20. Bf4 e5 21. Bd2
f5 22. h3 fxe4 23. dxe4 Ngf6 24. Nh4 g6 25. Rfe1 Qb6 26. Nf3 c4 27. b4 Nh5 28.
Be3 Qe6 29. Rab1 Rf7 30. Ng5 Bxg5 31. Bxg5 Rff8 32. Re2 Qb6 33. Be3 Qe6 34. Bh6
Rf7 35. Rd1 Ndf6 36. Be3 Qe8 37. Red2 Qe6 0-1

[Event "Nationale I"]
[Site "Loures Barousse"]
[Date "2011.12.10"]
[Round "4.2"]
[White "Saada, Julien"]
[Black "Bokros, Albert"]
[Result "0-1"]
[WhiteElo "2341"]
[BlackElo "2466"]
[PlyCount "60"]
[EventDate "2011.12.11"]
[EventType "match"]
[EventCountry "FRA"]
[SourceDate "2011.11.20"]
[WhiteTeam "Migné Auxences"]
[BlackTeam "Loures barousses"]

1. d4 c5 2. c3 d5 3. Nf3 Nc6 4. e3 Nf6 5. Nbd2 cxd4 6. exd4 Bf5 7. Be2 h6 8.
O-O e6 9. Re1 Bd6 10. Nf1 O-O 11. Ng3 Bh7 12. Bd3 Bxd3 13. Qxd3 Rb8 14. a4 a6
15. b4 Rc8 16. b5 axb5 17. axb5 Na5 18. Ne5 Nc4 19. f4 Qb6 20. Kh1 Rc7 21. h3
Rfc8 22. Ng4 Nxg4 23. hxg4 Qxb5 24. Rb1 Qa6 25. Ne2 Qa2 26. Be3 Na3 27. Rb6 Qc2
28. Rd1 Qxd3 29. Rxd3 Nc4 30. Rb1 Ra8 0-1

[Event "Nationale I"]
[Site "Loures Barousse"]
[Date "2013.12.10"]
[Round "4.3"]
[White "Letreguilly, Olivier"]
[Black "Velikov, Petar"]
[Result "1/2-1/2"]
[WhiteElo "2340"]
[BlackElo "2417"]
[PlyCount "125"]
[EventDate "2011.12.11"]
[EventType "match"]
[EventCountry "FRA"]
[SourceDate "2011.11.20"]
[WhiteTeam "Loures barousses"]
[BlackTeam "Migné Auxences"]

1. c4 c5 2. g3 g6 3. Bg2 Bg7 4. Nf3 Nc6 5. O-O e6 6. d3 Nge7 7. Nc3 O-O 8. Bd2
b6 9. a3 Bb7 10. Rb1 d5 11. b4 cxb4 12. axb4 dxc4 13. dxc4 Rc8 14. c5 bxc5 15.
bxc5 Ba8 16. Nb5 Nf5 17. Bg5 Qxd1 18. Rfxd1 h6 19. Bc1 a5 20. Ba3 Nfe7 21. Ne1
Nd5 22. Bxd5 exd5 23. Nd3 Rfd8 24. Kf1 d4 25. Nd6 Rc7 26. Rb6 Ra7 27. Rdb1 Kf8
28. h4 h5 29. Bc1 Ke7 30. Bd2 Ke6 31. Nb5 Rad7 32. Bxa5 Ke7 33. Bd2 Rc8 34. Nd6
Rcd8 35. Bg5+ Bf6 36. Bf4 Ra7 37. Ne4 Bg7 38. Bg5+ f6 39. Bf4 Kd7 40. Bd6 Ke6
41. f3 Bh6 42. Bf4 Bg7 43. Bd2 Bf8 44. Kf2 Be7 45. Rg1 Kf7 46. g4 hxg4 47. Rxg4
Ra2 48. Bf4 Rh8 49. Nd6+ Bxd6 50. Bxd6 Re8 51. Re4 Rxe4 52. fxe4 Ra1 53. e5 Rh1
54. exf6 Kxf6 55. Bg3 Kf5 56. Nb4 Nxb4 57. Rxb4 Rc1 58. Rxd4 Rxc5 59. Rf4+ Ke6
60. Rg4 Kf7 61. Ra4 Bc6 62. Ra7+ Ke6 63. Bf4 1/2-1/2

[Event "Nationale I"]
[Site "Loures Barousse"]
[Date "2011.12.10"]
[Round "4.4"]
[White "Bedouin, Xavier"]
[Black "Szitas, Gabor"]
[Result "1-0"]
[WhiteElo "2404"]
[BlackElo "2200"]
[PlyCount "97"]
[EventDate "2011.12.11"]
[EventType "match"]
[EventCountry "FRA"]
[SourceDate "2011.11.20"]
[WhiteTeam "Migné Auxences"]
[BlackTeam "Loures barousses"]

1. e4 e5 2. Nf3 Nc6 3. Bb5 a6 4. Bxc6 dxc6 5. O-O Bg4 6. h3 h5 7. d3 Bxf3 8.
Qxf3 Qf6 9. Qxf6 Nxf6 10. Nd2 Be7 11. Nc4 Nd7 12. f4 Bf6 13. c3 b5 14. Na5 c5
15. Nc6 a5 16. fxe5 Nxe5 17. Nxe5 Bxe5 18. Bf4 Bxf4 19. Rxf4 g6 20. a4 b4 21.
cxb4 cxb4 22. Rc1 Ra7 23. Kf2 Ke7 24. Ke3 Rd8 25. e5 c5 26. Rxc5 Rad7 27. d4 g5
28. Re4 Rd5 29. Rxd5 Rxd5 30. Kd3 Rd8 31. Re2 Rg8 32. Rc2 g4 33. h4 g3 34. Rc7+
Ke6 35. Rc6+ Ke7 36. Rh6 Rc8 37. Rxh5 Rc1 38. Rg5 Rd1+ 39. Kc4 Rd2 40. Rxg3
Rxb2 41. h5 Rc2+ 42. Kd5 Rc3 43. h6 Rc8 44. h7 Rh8 45. Rh3 f6 46. e6 f5 47. Ke5
f4 48. d5 f3 49. d6+ 1-0

[Event "Nationale I"]
[Site "Loures Barousse"]
[Date "2011.12.10"]
[Round "4.5"]
[White "Sanchez, Nicolas"]
[Black "Picard, Romain"]
[Result "0-1"]
[WhiteElo "2160"]
[BlackElo "2353"]
[PlyCount "108"]
[EventDate "2011.12.11"]
[EventType "match"]
[EventCountry "FRA"]
[SourceDate "2011.11.20"]
[WhiteTeam "Loures barousses"]
[BlackTeam "Migné Auxences"]

1. d4 e6 2. Nf3 Nf6 3. e3 b6 4. Bd3 Bb7 5. O-O c5 6. c4 g6 7. Nc3 Bg7 8. d5
exd5 9. cxd5 Nxd5 10. Nxd5 Bxd5 11. Bxg6 hxg6 12. Qxd5 Nc6 13. e4 Qe7 14. Bg5
Qe6 15. Qd2 Nd4 16. Nxd4 Bxd4 17. Rfe1 O-O 18. Rad1 Rfe8 19. b3 d5 20. exd5
Qxd5 21. Be3 Rad8 22. h3 Qf5 23. Bxd4 Rxe1+ 24. Rxe1 cxd4 25. Rc1 d3 26. Rd1
Re8 27. Re1 Rc8 28. g4 Qd5 29. Rd1 Re8 30. Qf4 Re2 31. Qg3 d2 32. Qc3 b5 33.
Kf1 Re6 34. Kg1 Rd6 35. Kh2 Kh7 36. Kg3 a5 37. Qf3 Qe5+ 38. Kg2 Kg7 39. Qe3
Qd5+ 40. Qf3 Qd4 41. Qe3 Qd5+ 42. Qf3 Qc5 43. Qe4 b4 44. Kg3 Qc3+ 45. Kg2 Rd7
46. h4 Qf6 47. g5 Qd8 48. Qe5+ Kg8 49. Qe3 Rd3 50. Qf4 Rd4 51. Qe3 Qd5+ 52. Kf1
Rxh4 53. Qxd2 Qf3 54. Qd8+ Kh7 0-1